00975cam a22002894i 4500003000900000005001700009020001800026035002700044040003300071082001500104100002400119245006400143250002200207264003200229300005500261336002100316337002500337338002300362504002800385505020500413526000900618526000900627526000800636526000800644526000800652650002500660PE-LiUPU20250731183335.0 a9786071701473 a(Sirsi) i9786071701473 aPE-LiUPUbspacPE-LiUPUerda04a745.2bA211 aAcha, Juan,eautor.10aIntroducción a la teoría de los diseños /cJuan Acha. aCuarta edición. 1aMéxico :bTrillas,c2012. a208 páginas :bilustraciones ;c25 centímetros atext2rdacontent aunmediated2rdamedia avolume2rdacarrier aIncluye bibliografía.0 aLo estético y lo artístico diferenciados -- La cultura estética, Occidente oculta las diferencias históricas -- Las artesanías -- Artes prerrenacentistas -- Las artes -- Artes renacentistas. aP158 aP146 aP17 aP12 aP0614aDiseño decorativo.